| 000 | 00678nam a2200241 4500 | ||
|---|---|---|---|
| 003 | LK-CoMWRAF | ||
| 005 | 20231127152802.0 | ||
| 008 | 230826b2005 |||||||| |||| 00| 0 eng d | ||
| 020 | _a9068321773 | ||
| 040 |
_aLK-CoMWRAF _dLK-CoMWRAF _eLK-CoMWRAF |
||
| 041 | _aeng | ||
| 082 |
_a304.2 _bEAR |
||
| 245 |
_aThe earth charter in action: _b toward a sustainable world |
||
| 260 |
_aAmsterdam: _bKIT publishers, _c2005 |
||
| 300 | _a183 p. ill.; 31 cm | ||
| 650 | _aEARTH CHARTER | ||
| 650 | _aHuman ecology | ||
| 650 | _aEnvironmental protection | ||
| 700 |
_aPeter Blaze Corcoran _eed. |
||
| 700 |
_aVilela, Mirian _eed. |
||
| 700 |
_aRoerink, Alide _eed. |
||
| 942 | _cBK | ||
| 999 |
_c3270 _d3270 |
||